000
00333nam a2200133Ia 4500
008
150201s2010 xx 000 0 und d
082
_a
617
_b
E10G
100
_a
GEORGE, SHIBU
245
_a
SMART STUDY SERIES - ENT & HEAD & NEAK SURGERY
260
_b
ELSEVIER
_a
DELHI
_c
2010
300
_a
1-268
650
_a
SURGERY
942
_2
ddc
_c
BK
999
_c
1291
_d
1291